Sports Quiz

Random Sports or MLB Quiz
Score 0/34 Timer 08:00
1 Play Today
% Correct
Suzuki
92%
Cabrera
91.3%
Robinson
91.2%
Young
91.1%
Colón
90.7%
Hunter
89.7%
DiMaggio
89.5%
Smith
89.2%
Kim
88.7%
Guerrero
87.9%
Johnson
87.8%
Alomar
86.8%
Sanders
86.1%
Boone
85.1%
Polanco
84.8%
Gordon
82.8%
Castro
82.2%
% Correct
Wilson
81.4%
Wells
81.3%
Reynolds
79.8%
Bailey
79.6%
Peña
79%
Martin
77.9%
Hamilton
77.7%
Hill
76.7%
Liriano
76.6%
García
75%
Ross
74.4%
McDowell
70.3%
Aybar
68.6%
Thompson
65.4%
Montero
63.8%
Fernandez
62.3%
Mota
54.7%

You're not logged in!

Compare scores with friends on all Sporcle quizzes.
OR
Log In

Sporcle TV

Today on Sporcle TV


Watch our educational content, quiz creation guides, and fun videos on Sporcle TV.

Show Comments

Extras

Top Quizzes Today


Score Distribution

Paid Content

Your Account Isn't Verified!

In order to create a playlist on Sporcle, you need to verify the email address you used during registration. Go to your Sporcle Settings to finish the process.

Report this User

Report this user for behavior that violates our Community Guidelines.

Details: